000 00535nam a2200205Ia 4500
005 20250923144343.0
008 008 250917s9999 xx 000 0 eng d
037 _aTextual
040 _aDSWL
_beng
_cDSWL
041 _aeng
_2eng
084 _aS:R, G9
_qDSWL
100 _aMacmurray, Johan
_9824006
245 0 _aBoundaries of science
_cby Johan Macmurray
260 _aLondon
_c1939
300 _a268 p.
365 _aINR
_b7.6
925 _g7.6
942 _cTEXL
_hS:R, G9
999 _c1437810
_d1437810